Mammalian fauna of Costa Rica and la selva (Registro nro. 10462)

Detalles MARC
000 -CABECERA
Campo de control 004910000a22001690004500
090 ## - CLASIFICACIÓN LOCAL
Colección AR
Consecutivo 01377
041 0# - IDIOMA
Código de idioma para texto/pista de sonido o título separado
100 1# - ASIENTO PRINCIPAL--NOMBRE PERSONAL
Nombre personal Timm, Robert M.
245 10 - MENCION DE TITULO
Título Mammalian fauna of Costa Rica and la selva
650 14 - ASIENTO SECUNDARIO DE MATERIA - TERMINO TEMATICO
Término temático o nombre geográfico como elemento de entrada Ecología de comunidades
650 14 - ASIENTO SECUNDARIO DE MATERIA - TERMINO TEMATICO
Término temático o nombre geográfico como elemento de entrada Sistemática animal
650 14 - ASIENTO SECUNDARIO DE MATERIA - TERMINO TEMATICO
Término temático o nombre geográfico como elemento de entrada Biogeografía
650 14 - ASIENTO SECUNDARIO DE MATERIA - TERMINO TEMATICO
Término temático o nombre geográfico como elemento de entrada Disturbios
651 #4 - ASIENTO SECUNDARIO DE MATERIA - NOMBRE GEOGRAFICO
-- La Selva
-- Heredia
-- Costa Rica
773 1# - Item fuente:
Título Mammal Fauna
Especificación de materiales 497
Paginas del Articulo 229-237
Lugar, editorial y fecha de publicación 1994
942 ## - ELEMENTOS ADICIONALES (KOHA)
Tipo de ítem Artículo
Existencias
Withdrawn status Lost status Damaged status No para préstamo Colección Ubicación Permanente Ubicación actual Fecha de adquisición Fuente de Valor Datos de publicación Seriada Total Checkouts Número topográfico Inventario / Código de Barras Date last seen Ejemplar Price effective from Forma de adquisición Tipo de material
      No para Préstamo Hemeroteca Bogotá Bogotá 27/02/2015 Muñoz Saba, Yaneth Fuera de circulación   AR 01377 011727 25/03/2015 1 25/03/2015   Artículo